MARC details
| 000 -CABECERA |
| campo de control de longitud fija |
01962nam a2200337 a 4500 |
| 001 - NÚMERO DE CONTROL |
| campo de control |
000024781 |
| 003 - IDENTIFICADOR DEL NÚMERO DE CONTROL |
| campo de control |
DO-SdBNP |
| 005 - FECHA Y HORA DE LA ÚLTIMA TRANSACCIÓN |
| campo de control |
20250924073802.0 |
| 007 - CAMPO FIJO DE DESCRIPCIÓN FÍSICA--INFORMACIÓN GENERAL |
| campo de control de longitud fija |
ta |
| 008 - DATOS DE LONGITUD FIJA--INFORMACIÓN GENERAL |
| campo de control de longitud fija |
110204s1998 dr 000 0 spa d |
| 040 ## - FUENTE DE LA CATALOGACIÓN |
| Centro catalogador/agencia de origen |
DO-SdBNP |
| Lengua de catalogación |
spa |
| Centro/agencia transcriptor |
BNPHU |
| 082 ## - NÚMERO DE LA CLASIFICACIÓN DECIMAL DEWEY |
| Número de clasificación |
306.44 |
| Número de documento/Ítem |
C968c |
| 111 2# - ENTRADA PRINCIPAL--NOMBRE DE CONGRESO/REUNIÓN |
| Nombre de congreso/reunión o jurisdicción como elemento de entrada |
Coloquio Internacional Cultura, Lengua y Literatura en tiempos de globalización |
| Número del congreso/reunión o número de parte o sección |
(1: |
| Fecha del congreso/reunión |
abril de 1998: |
| Sede del congreso/Lugar de la reunión |
Santo Domingo, República Dominicana) |
| 9 (RLIN) |
50861 |
| 245 10 - MENCIÓN DE TÍTULO |
| Título |
Cultura, lengua y literatura en tiempos de globalización / |
| Mención de responsabilidad, etc. |
presentación José Francisco Jiménez. |
| 260 ## - PUBLICACIÓN, DISTRIBUCIÓN, ETC. |
| Lugar de publicación, distribución, etc. |
Santo Domingo : |
| Nombre del editor, distribuidor, etc. |
Universitaria, |
| Fecha de publicación, distribución, etc. |
1998. |
| 300 ## - DESCRIPCIÓN FÍSICA |
| Extensión |
80 p. ; |
| Dimensiones |
21 cm. |
| 490 1# - MENCIÓN DE SERIE |
| Mención de serie |
Cultra y sociedad |
| Designación de volumen o secuencia |
6 |
| 490 1# - MENCIÓN DE SERIE |
| Mención de serie |
Publicaciones de la Universidad Autónoma de Santo Domingo |
| Designación de volumen o secuencia |
877 |
| 504 ## - NOTA DE BIBLIOGRAFÍA, ETC. |
| Nota de bibliografía, etc. |
Bibliografía: p. 15 -18 |
| 505 0# - NOTA DE CONTENIDO CON FORMATO |
| Título |
Presentación -- |
| -- |
Ponentes por orden de aparición -- |
| -- |
Globalización, cultura y literatura / |
| Mención de responsabilidad |
Wenceslao Serra Deliz -- |
| Título |
Lengua y políticas culturales frente a la globalización (Manual disidente para iniciados) |
| Mención de responsabilidad |
Julio Cuevas -- |
| Título |
La palabra es todavía una puerta abierta / |
| Mención de responsabilidad |
José M. Fernández Pequeño -- |
| Título |
La cultura en la época de la globalización / |
| Mención de responsabilidad |
Carlos Andújar Persinal -- |
| Título |
La globalización o mundialización circunscrita a la cultura / |
| Mención de responsabilidad |
Isabel Santana Rodríguez -- |
| Título |
Globalización, cultura e identidad / |
| Mención de responsabilidad |
Mateo Morrison -- |
| Título |
Cultura popular y globalización: Algunas ideas / |
| Mención de responsabilidad |
Rafael Brea López |
| 590 ## - NOTA LOCAL (RLIN) |
| Nota local |
Inventariado,2018/DG |
| 650 #4 - PUNTO DE ACCESO ADICIONAL DE MATERIA--TÉRMINO DE MATERIA |
| Término de materia o nombre geográfico como elemento de entrada |
Lenguaje y cultura |
| 9 (RLIN) |
10051 |
| 650 #4 - PUNTO DE ACCESO ADICIONAL DE MATERIA--TÉRMINO DE MATERIA |
| Término de materia o nombre geográfico como elemento de entrada |
Cultura |
| Subdivisión general |
Ensayos, conferencias, etc. |
| 9 (RLIN) |
30480 |
| 650 #4 - PUNTO DE ACCESO ADICIONAL DE MATERIA--TÉRMINO DE MATERIA |
| Término de materia o nombre geográfico como elemento de entrada |
Globalización |
| Subdivisión general |
Aspectos sociales |
| -- |
Ensayos, conferencias, etc. |
| 9 (RLIN) |
50862 |
| 650 #4 - PUNTO DE ACCESO ADICIONAL DE MATERIA--TÉRMINO DE MATERIA |
| Término de materia o nombre geográfico como elemento de entrada |
Identidad cultural |
| Subdivisión general |
Ensayos, conferencias, etc. |
| 9 (RLIN) |
31352 |
| 700 1# - PUNTO DE ACCESO ADICIONAL--NOMBRE DE PERSONA |
| Nombre de persona |
Jiménez, José Francisco |
| 9 (RLIN) |
11343 |
| 830 ## - PUNTO DE ACCESO ADICIONAL DE SERIE-TÍTULO UNIFORME |
| Título uniforme |
Publicaciones de la Universidad Autónoma de Santo Domingo |
| Designación de volumen o secuencia |
877 |
| 9 (RLIN) |
52 |
| 830 #0 - PUNTO DE ACCESO ADICIONAL DE SERIE-TÍTULO UNIFORME |
| Título uniforme |
Cultura y sociedad |
| Designación de volumen o secuencia |
6 |
| 9 (RLIN) |
53 |
| 910 ## - DATOS DE OPCIÓN DEL USUARIO (OCLC) |
| Datos de opción del usuario |
Validado. Control de calidad BNPHU. |
| 942 ## - ELEMENTOS DE PUNTO DE ACCESO ADICIONAL (KOHA) |
| Fuente del sistema de clasificación o colocación |
Dewey Decimal Classification |
| Tipo de ítem Koha |
Libro |